Двенадцать хоров a capella для смешанных голосов (Запись № 13282317)

Подробности
000 -МАРКЕР
контрольное поле 02597njm0a22004451 4500
001 - ИДЕНТИФИКАТОР ЗАПИСИ
контрольное поле RU\NLR\ONIZ\197639
005 - ИДЕНТИФИКАТОР ВЕРСИИ
контрольное поле 20250708192226.0
035 ## - ДРУГИЕ СИСТЕМНЫЕ НОМЕРА
Идентификатор записи (NLR Aleph) 010405195
035 ## - ДРУГИЕ СИСТЕМНЫЕ НОМЕРА
Идентификатор записи RU\NLR\ONIZ\GALA\5000010817\20131205134432
100 ## - ДАННЫЕ ОБЩЕЙ ОБРАБОТКИ
Данные общей обработки 20131205d2010 |||y0rusy50 ca
102 ## - СТРАНА ПУБЛИКАЦИИ ИЛИ ПРОИЗВОДСТВА
Страна публикации российская федерация
126 ## - ПОЛЕ КОДИРОВАННЫХ ДАННЫХ: ЗВУКОЗАПИСИ - ФИЗИЧЕСКИЕ ХАРАКТЕРИСТИКИ
Кодированные данные звукозаписи (общие) aguxjxu ux
Кодированные данные звукозаписи (уточнения) xxx
127 ## - ПОЛЕ КОДИРОВАННЫХ ДАННЫХ: ПРОДОЛЖИТЕЛЬНОСТЬ ЗВУКОЗАПИСЕЙ И НОТНЫХ ИЗДАНИЙ (МУЗЫКАЛЬНОЕ ИСПОЛНЕНИЕ)
Продолжительность 000055
135 ## - ПОЛЕ КОДИРОВАННЫХ ДАННЫХ: ЭЛЕКТРОННЫЕ РЕСУРСЫ
Кодированные данные для электронного ресурса honoannnanndn
200 1# - ЗАГЛАВИЕ И СВЕДЕНИЯ ОБ ОТВЕТСТВЕННОСТИ
Основное заглавие Двенадцать хоров a capella для смешанных голосов
Общее обозначение материала Звукозапись
Сведения, относящиеся к заглавию op. 27
Первые сведения об ответственности С. И. Танеев
Последующие сведения об ответственности стихи Я. П. Полонского
-- исполн.: Гос. академический русский хор им. А. В. Свешникова, худ. рук. и дирижер Б. Тевлин
210 ## - ПУБЛИКАЦИЯ, РАСПРОСТРАНЕНИЕ И ДР.
Имя издателя, распространителя и т. д. Госхор им. А.В. Свешникова
Место издания, распространения и т.д. Москва
Дата издания, распространения и т.д. 2010
215 ## - ФИЗИЧЕСКАЯ ХАРАКТЕРИСТИКА
Специфическое обозначение материала и объем 1 зв. диск (55 мин), в футл.
Сопроводительный материал прил. (16 с.)
327 1# - ПРИМЕЧАНИЯ О СОДЕРЖАНИИ
Текст примечания 1. Первая тетрадь : хоры четырехголосные (1-4);
-- 2. Вторая тетрадь : хоры пятиголосные (5-8);
-- 3. Третья тетрадь : хоры шести-восьмиголосные (9-12)
464 #0 - АНАЛИТИЧЕСКИЙ УРОВЕНЬ
Встроенное поле 2001#$aВторая тетрадь$eхоры пятиголосные (5-8)
Заглавие Вторая тетрадь
464 #0 - АНАЛИТИЧЕСКИЙ УРОВЕНЬ
Встроенное поле 2001#$aПервая тетрадь$eхоры четырехголосные (1-4)
Заглавие Первая тетрадь
464 #0 - АНАЛИТИЧЕСКИЙ УРОВЕНЬ
Встроенное поле 2001#$aТретья тетрадь$eхоры шести-восьмиголосные (9-12)
Заглавие Третья тетрадь
606 1# - НАИМЕНОВАНИЕ ТЕМЫ КАК ПРЕДМЕТ
Наименование темы Хоровая музыка русская
Тематический подзаголовок звукозапись
Географический подзаголовок Россия
Хронологический подзаголовок 19 век
Код системы nlr_sh
686 ## - ИНДЕКСЫ ДРУГИХ КЛАССИФИКАЦИЙ
Индекс Щ941.1, 8(3)
Издание LBC/SL
Код системы
700 #1 - ИМЯ ЛИЦА - ПЕРВИЧНАЯ ОТВЕТСТВЕННОСТЬ
Системный номер авторитетной/нормативной записи z01790
Начальный элемент ввода Танеев
Часть имени, кроме начального элемента ввода С.И.
Даты 1856-1915
Расширение инициалов личного имени Сергей Иванович
Код отношения Композитор
Графика поля Кириллица
702 #1 - ИМЯ ЛИЦА - ВТОРИЧНАЯ ОТВЕТСТВЕННОСТЬ
Системный номер авторитетной/нормативной записи z03790
Начальный элемент ввода Полонский
Часть имени, кроме начального элемента ввода Я.П.
Даты 1819-1898
Расширение инициалов личного имени Яков Петрович
Код отношения Лирик
702 #1 - ИМЯ ЛИЦА - ВТОРИЧНАЯ ОТВЕТСТВЕННОСТЬ
Системный номер авторитетной/нормативной записи z04790
Начальный элемент ввода Тевлин
Часть имени, кроме начального элемента ввода Б. Г.
Даты 1931 -
Расширение инициалов личного имени Борис Григорьевич
Код отношения Дирижер, Руководитель оркестра
712 02 - НАИМЕНОВАНИЕ ОРГАНИЗАЦИИ - ВТОРИЧНАЯ ОТВЕТСТВЕННОСТЬ
Начальный элемент ввода Государственный академический русский хор имени А.В. Свешникова
Код отношения Исполнитель
790 #1 - ИМЯ ЛИЦА - АЛЬТЕРНАТИВНАЯ ФОРМА
Системный номер авторитетной/нормативной записи z01700
Начальный элемент ввода Taneyev
Часть имени, кроме начального элемента ввода S.
Даты 1856-1915
Расширение инициалов личного имени Sergei
Код отношения Композитор
790 #1 - ИМЯ ЛИЦА - АЛЬТЕРНАТИВНАЯ ФОРМА
Системный номер авторитетной/нормативной записи z03702
Начальный элемент ввода Polonski
Часть имени, кроме начального элемента ввода Y. P.
Даты 1819-1898
Расширение инициалов личного имени Yacov Petrovich.
Код отношения Лирик
790 #1 - ИМЯ ЛИЦА - АЛЬТЕРНАТИВНАЯ ФОРМА
Системный номер авторитетной/нормативной записи z04702
Начальный элемент ввода Tevlin
Часть имени, кроме начального элемента ввода B. G.
Даты 1931 -
Расширение инициалов личного имени Boris Grigor'evich
Код отношения Дирижер, Руководитель оркестра
801 #0 - ИСТОЧНИК ЗАПИСИ
Страна российская федерация
Организация NLR
Дата составления 20131205
Правила каталогизации PSBO
801 #1 - ИСТОЧНИК ЗАПИСИ
Страна российская федерация
Организация NLR
Дата составления 20131205
Источник данных rusmarc
801 #2 - ИСТОЧНИК ЗАПИСИ
Страна российская федерация
Организация NLR
Дата составления 20131205
852 ## - МЕСТОНАХОЖДЕНИЕ И ШИФР ХРАНЕНИЯ
Идентификатор организации NLR
Наименование фонда или коллекции (Sub-Location Identifier) Мг
Шифр хранения (Call Number) Д/1851
Страна
Номер экземпляра 1
942 ## - ДОПОЛНИТЕЛЬНЫЕ ЭЛЕМЕНТЫ ЗАПИСИ (АБИС)
Тип экземпляра АБИС Звукозапись
980 ## - КОЛЛЕКЦИЯ
Название коллекции Национальная библиография
980 ## - КОЛЛЕКЦИЯ
Название коллекции Отдел нот и звукозаписей
Экземпляры
Тип экземпляра Дата поступления Библиотека постоянного хранения Библиотека текущего хранения Место хранения Шифр хранения Статус не для выдачи
Звукозапись 05.12.2013 РНБ (Московский) РНБ (Московский) Фонд нот и звукозаписей Д/1851 Д/1851